000 00858nam a2200217 a 4500
001 000034722
005 20240306073910.0
008 111019s1956 cu 000 0 spa d
040 _aDO-SdBNP
_bspa
_cBNPHU
100 1 _aPonte Domínguez, Francisco J.,
_d1906-
_960181
245 1 0 _aPensamiento laico de José Martí /
_cFrancisco J. Ponte Domínguez ; prólogo de M. Isidro Méndez.
260 _aLa Habana :
_b"Modas Magazine",
_c1956.
300 _a158 p. ;
_c22 cm.
504 _aBibliografía: p. 147-151.
510 1 _aÍndice onomástico: p. 153-159.
586 _aPrimer Premio Certamen Literario del Ateneo Liberal Argentino, 1953.
590 _aPerteneció a la biblioteca personal de Juan Isidro Jimenes Grullón
600 1 0 _aMartí, José,
_d1853-1895
_9645
650 2 4 _aEnsayo cubano
_920853
700 1 _aMéndez, M. Isidro,
_epról.
_934744
999 _c34213
_d34213